[Event "ch-Privolzhsky Region"]
[Site "Ishevsk RUS"]
[Date "2005.03.18"]
[Round "3"]
[White "Frolyanov,D"]
[Black "Nesterov,Alex"]
[Result "1-0"]
[WhiteElo "2502"]
[BlackElo "2392"]

1.e4 e6 2.d4 d5 3.Nc3 Nf6 4.e5 Nfd7 5.f4 c5 6.Nf3 Nc6 7.Be3 cxd4 8.Nxd4 Bc5
9.Qd2 Nxd4 10.Bxd4 a6 11.O-O-O Qc7 12.Qf2 O-O 13.Bd3 Bxd4 14.Qxd4 Qc5 15.Ne2 b6
16.Rhf1 Bb7 17.c3 g6 18.Kb1 Bc6 19.g4 Bb5 20.Ng3 Rfc8 21.f5 Bxd3+ 22.Qxd3 exf5
23.Qxd5 Nxe5 24.Qxc5 Rxc5 25.gxf5 Ng4 26.Rd6 Ne3 27.Rf4 Rd5 28.Rxd5 Nxd5
29.Rd4 Ne3 30.f6 h5 31.Ne4 Re8 32.Ng5 Ng4 33.Rd6 Nxh2 34.Rxb6 a5 35.c4 Ng4
36.c5 Rc8 37.Ne4 h4 38.Rb3 Re8 39.Nd6 Rd8 40.Rd3 Ne5 41.Re3 Nc6 42.Re4 h3
43.Rh4 Ne5 44.Rxh3 Nc6 45.Re3 Nd4 46.Re7 Rf8 47.Ra7  1-0

[Event "ch-Privolzhsky Region"]
[Site "Ishevsk RUS"]
[Date "2005.03.19"]
[Round "4"]
[White "Alavkin,A"]
[Black "Iljushin,A"]
[Result "1/2-1/2"]
[WhiteElo "2476"]
[BlackElo "2530"]

1.e4 e6 2.d4 d5 3.Nc3 Nf6 4.e5 Nfd7 5.f4 c5 6.Nf3 Nc6 7.Be3 cxd4 8.Nxd4 Bc5
9.Qd2 O-O 10.O-O-O a6 11.Qf2 Bxd4 12.Bxd4 b5 13.Bd3 Bb7 14.Ne2 b4 15.Qg3 Qe7
16.Qh3 g6 17.Qe3 a5 18.g4  1/2-1/2

[Event "ch-FAI"]
[Site "Oyrarbakka ch-FAI"]
[Date "2005.03.19"]
[Round "2"]
[White "Simonsen,H"]
[Black "Nielsen,Tor"]
[Result "1-0"]
[WhiteElo "2317"]
[BlackElo "2153"]

1.d4 e6 2.e4 d5 3.Nc3 Nf6 4.e5 Nfd7 5.f4 c5 6.Nf3 Nc6 7.Be3 Qb6 8.Na4 Qa5+
9.c3 cxd4 10.b4 Qd8 11.Nxd4 Be7 12.Bd3 O-O 13.O-O Nxd4 14.Bxd4 Qe8 15.Qc2 g6
16.Rae1 f5 17.exf6 Nxf6 18.Nc5 Qf7 19.Qe2 Bxc5 20.Bxc5 Re8 21.Bd4 Bd7 22.Qe5 Rf8
23.g4 Qg7 24.Be2 b6 25.g5 Ne8 26.Qe3 Qf7 27.Bg4 Ng7 28.Qe5 Rac8 29.h4 Rc4
30.Be2 Rxd4 31.cxd4 Qf5 32.Qxf5 Nxf5 33.Rc1 Ng3 34.Rf2 Rxf4 35.Rc7 Nxe2+
36.Rxe2 Rf7 37.Rf2  1-0

[Event "TCh-BEL 2004-5"]
[Site "Belgium BEL"]
[Date "2005.03.20"]
[Round "11"]
[White "Feygin,M"]
[Black "Piacentini,C"]
[Result "1-0"]
[WhiteElo "2478"]
[BlackElo "2125"]

1.e4 e6 2.d4 d5 3.Nc3 Nf6 4.e5 Nfd7 5.f4 c5 6.Nf3 Nc6 7.Be3 cxd4 8.Nxd4 Qb6
9.Qd2 Qxb2 10.Rb1 Qa3 11.Bb5 Nxd4 12.Bxd4 Bb4 13.Rb3 Qa5 14.a3 Be7 15.f5 Qc7
16.Nxd5 exd5 17.Rc3 Qd8 18.f6 a6 19.fxe7 Qxe7 20.Bc5 Qh4+ 21.Bf2 Qe7 22.Bc5 Qh4+
23.Bf2 Qe7 24.Bxd7+ Bxd7 25.O-O O-O 26.Bc5 Qe6 27.Bxf8 Rxf8 28.Qd4 Bb5 29.Rf2 h6
30.h3 Bc4 31.Rg3 Kh8 32.Rgf3 b5 33.Rf5 Re8 34.Qe3 Kh7 35.Qf3 d4 36.Qe4 Qd5
37.Qxd5 Bxd5 38.Rd2 g6 39.Rf4 Rxe5 40.Rfxd4 Bc4 41.Kf2 Kg7 42.a4 Rf5+ 43.Ke3 Re5+
44.Re4 Rg5 45.g4 Bd5 46.h4 Bxe4 47.hxg5 Bb7 48.gxh6+ Kxh6 49.a5 Kg5 50.Rd7 Bc8
51.Rxf7 Bxg4 52.Ra7 Bc8 53.Rc7 Bf5 54.Rc6  1-0

[Event "US Amateur Team East"]
[Site "Parsippany USA"]
[Date "2005.03.21"]
[Round "5"]
[White "Martirosov,V"]
[Black "West,J"]
[Result "1-0"]
[WhiteElo "2249"]
[BlackElo "2207"]

1.e4 e6 2.d4 d5 3.Nc3 Nf6 4.e5 Nfd7 5.f4 c5 6.Nf3 Nc6 7.Be3 cxd4 8.Nxd4 Bc5
9.Qd2 Bxd4 10.Bxd4 O-O 11.O-O-O a6 12.Qf2 b5 13.Bd3 Nxd4 14.Qxd4 Qa5 15.Kb1 b4
16.Ne2 Nc5 17.h4 Bd7 18.Rh3 Rac8 19.Rg3 Nxd3 20.cxd3 Qb5 21.f5 Qc5 22.Qxc5 Rxc5
23.f6 g6 24.Rc1 Rfc8 25.Rxc5 Rxc5 26.Nd4 Ba4 27.Re3 Bd1 28.Re1 Ba4 29.Rc1 Rxc1+
30.Kxc1 Kf8 31.Kd2 h5 32.a3 bxa3 33.bxa3 Ke8 34.Kc3 Kd8 35.Kb4 Bd7 36.Ka5 Bc8
37.Kb6 Bd7 38.Kxa6 Ba4 39.Ka5 Bd7 40.Nb5 Bc6 41.d4 Ke8 42.Kb6 Bd7 43.a4 Kd8
44.a5 Kc8 45.Nd6+ Kd8  1-0

[Event "7th Foxwoods Open"]
[Site "Connecticut USA"]
[Date "2005.03.25"]
[Round "4"]
[White "Mitkov,N"]
[Black "Schneider,Ig"]
[Result "1/2-1/2"]
[WhiteElo "2547"]
[BlackElo "2320"]

1.e4 e6 2.d4 d5 3.Nc3 Nf6 4.e5 Nfd7 5.f4 c5 6.Nf3 a6 7.Be3 Qb6 8.a3 Nc6 9.dxc5 Bxc5
10.Na4 Qa5+ 11.b4 Qxa4 12.bxc5 O-O 13.c4 Qa5+ 14.Qd2 Qxd2+ 15.Kxd2 Rd8 16.Kc3 Ne7
17.Bf2 Nb8 18.Bh4 Nbc6 19.Nd4 Re8 20.Nxc6 Nxc6 21.Rb1 d4+ 22.Kd3 f6 23.Bg3 Rd8
24.Be2 fxe5 25.fxe5 Rb8 26.Rb6 Bd7 27.Bf3 Be8 28.Be4 Rdc8 29.Rhb1 Rc7 30.R1b2 Kf8
31.h4 Kg8 32.Bf4 Kh8 33.g4 Bg6 34.Bxg6 hxg6 35.h5 gxh5 36.gxh5 Kg8 37.Ke4 Rf7
38.Bg3 Rd7 39.Bf4 Rf7 40.Bg3 Kh7 41.Rd2 Rf5 42.Rdb2 Rf7  1/2-1/2

[Event "ch-EU"]
[Site "Cork IRL"]
[Date "2005.03.26"]
[Round "5"]
[White "Kallio,H"]
[Black "Bischoff,K"]
[Result "1/2-1/2"]
[WhiteElo "2469"]
[BlackElo "2555"]

1.e4 e6 2.d4 d5 3.Nc3 Nf6 4.e5 Nfd7 5.f4 c5 6.Nf3 Nc6 7.Be3 a6 8.Qd2 b5 9.dxc5 Bxc5
10.Ne2 Be7 11.Ned4 Nxd4 12.Nxd4 Qc7 13.b4 Nb6 14.a3 O-O 15.Bd3 Nc4  1/2-1/2

[Event "Open"]
[Site "Coventry ENG"]
[Date "2005.03.27"]
[Round "6"]
[White "Van Kemenade,R"]
[Black "Walton,A"]
[Result "0-1"]
[WhiteElo "2087"]
[BlackElo "2181"]

1.e4 e6 2.d4 d5 3.Nc3 Nf6 4.e5 Nfd7 5.f4 c5 6.dxc5 Bxc5 7.Qg4 g6 8.Nf3 Nc6
9.a3 Qb6 10.Bd3 Ne7 11.h4 h5 12.Qh3 f5 13.exf6 Nxf6 14.Ne5 Rg8 15.Bd2 Bf2+
16.Ke2 Bd4 17.Nb5 Nf5 18.Nxd4 Nxd4+ 19.Kd1 Nf5 20.a4 a6 21.a5 Qd6 22.Re1 Kf8
23.g4 hxg4 24.Nxg4 Nxg4 25.Qxg4 Qe7 26.Ra4 Qf6 27.Bxf5 Qxf5 28.Qg1 Bd7 29.Qc5+ Ke8
30.Bb4 Rg7 31.Re5 Qxf4 32.Ra3 Kf7 33.Qd6 Kg8 34.Rae3 Rc8 35.Re2 Rc4 36.Bd2 Qf1+
37.Re1 Qf3+ 38.Kc1 Rxh4 39.Qb8+ Kh7 40.R5e3 Qf7 41.Bc3 Rg8 42.Qg3 Rh5 43.Re5 Rf8
44.Rxh5+ gxh5 45.Rg1 Rg8 46.Qd3+ Qf5 47.Qxf5+ exf5 48.Rh1 Kg6 49.Rg1+ Kf7
50.Rh1 Rg5 51.Bd2 Rg4 52.b4 Kg6 53.Re1 f4 54.Re7 f3 55.Be3 Bc6 56.b5 Bxb5
57.Rxb7 d4 58.Bf2 h4 59.Rxb5 axb5 60.a6 d3 61.a7 Ra4 62.cxd3 h3  0-1

[Event "Open"]
[Site "Coventry ENG"]
[Date "2005.03.27"]
[Round "7"]
[White "Hinks Edwards,T"]
[Black "Kiriakov,P"]
[Result "1/2-1/2"]
[WhiteElo "2383"]
[BlackElo "2564"]

1.e4 e6 2.d4 d5 3.Nc3 Nf6 4.e5 Nfd7 5.f4 c5 6.Nf3 Nc6 7.Be3 a6 8.Qd2 b5 9.Be2 b4
10.Nd1 Be7 11.O-O O-O 12.Nf2 Qb6 13.c3 bxc3 14.bxc3 Rb8 15.Bd3 g6 16.Rab1 Qa5
17.Rxb8 Ndxb8 18.dxc5 Nd7 19.Nd4 Qc7 20.Nb3 Na5 21.Nxa5 Qxa5 22.c6 Nb8 23.Ng4 Nxc6
24.Rb1 Bc5 25.Bxc5 Qxc5+ 26.Kh1 Ne7 27.h3 Kh8 28.Qb2 Nc6 29.Qd2 Ne7 30.Kh2 Ng8
31.Rb3  1/2-1/2

[Event "Open"]
[Site "Coventry ENG"]
[Date "2005.03.28"]
[Round "8"]
[White "Lappage,J"]
[Black "Mason,D"]
[Result "0-1"]
[WhiteElo "2173"]
[BlackElo "2255"]

1.e4 e6 2.Nc3 d5 3.d4 Nf6 4.e5 Nfd7 5.f4 c5 6.Nf3 Nc6 7.Be3 cxd4 8.Nxd4 Bc5
9.Qd2 O-O 10.O-O-O a6 11.h4 Nxd4 12.Bxd4 Qc7 13.Kb1 b5 14.h5 Bb7 15.Rh3 b4
16.Na4 Bxd4 17.Qxd4 Qa5 18.b3 Bc6 19.Nb2 Qc5 20.h6 g6 21.c3 f6 22.exf6 Rxf6
23.Qd2 Qf8 24.Nd3 Bb5 25.Nxb4 Rxf4 26.Bxb5 axb5 27.Nxd5 Qf5+ 28.Ka1 exd5
29.Qxd5+ Qxd5 30.Rxd5 Rf2 31.Rxd7 Rfxa2+ 32.Kb1 Ra1+  0-1

[Event "Open"]
[Site "Coventry ENG"]
[Date "2005.03.28"]
[Round "9"]
[White "Dworakowska,J"]
[Black "Kiriakov,P"]
[Result "1/2-1/2"]
[WhiteElo "2395"]
[BlackElo "2564"]

1.e4 e6 2.d4 d5 3.Nc3 Nf6 4.e5 Nfd7 5.f4 c5 6.Nf3 Nc6 7.Be3 a6 8.Qd2 b5 9.dxc5 Bxc5
10.Bxc5 Nxc5 11.Qf2 Qb6 12.b4 Nxb4 13.Rb1 d4 14.Nxd4 Ne4 15.Nxe4 Qxd4 16.Nd6+ Ke7
17.Qd2 Qxd2+ 18.Kxd2 Nc6 19.g3 f6 20.Bg2 Bd7 21.Rhf1 Rab8 22.Bxc6  1/2-1/2

[Event "ch-RUS w 1st League"]
[Site "Samara RUS"]
[Date "2005.03.28"]
[Round "6"]
[White "Semenova,Ir"]
[Black "Strelnikova,E"]
[Result "1-0"]
[WhiteElo "2303"]
[BlackElo "2124"]

1.e4 e6 2.d4 d5 3.Nc3 Nf6 4.e5 Nfd7 5.f4 c5 6.Nf3 Nc6 7.Be3 Be7 8.Qd2 Qa5
9.a3 c4 10.Be2 b5 11.O-O a6 12.f5 Nd8 13.Nxd5 Qxd2 14.Nc7+ Kf8 15.Nxd2 Ra7
16.Nxe6+ Kg8 17.Nxd8 Bxd8 18.a4 Bb6 19.axb5 Nxe5 20.Nxc4 Nxc4 21.Bxc4 a5
22.c3 Rc7 23.Bd3 Rd7 24.Bf4 h6 25.Be4 Kh7 26.Kh1 f6 27.h3 Re7 28.Bd3 Rd8
29.Rfe1 Rxe1+ 30.Rxe1 Bxd4 31.cxd4 Rxd4 32.Be4 Rb4 33.Bc1 Rxb5 34.Rf1 Re5
35.Bd3 Rd5 36.Rf3 Bb7 37.Re3 Bc8 38.g4 Bb7 39.Kh2 Rd7 40.Kg3 Rd4 41.Be2 Bd5
42.Rd3 Rc4 43.Bd2 Rc5 44.Rc3 Rxc3+ 45.Bxc3 a4 46.Bd1 Bc6 47.Bf3 Bb5 48.Bd5 Bd3
49.Bc6 Bc2 50.Be8 Kg8 51.Bb4 Bb3 52.Kf4 Bd1 53.Ke3 Kh8 54.Bd6 Kg8 55.Kd2 Bf3
56.Bxa4 Bg2 57.Be8 Bxh3 58.Bh5 g6 59.Bxg6 Bxg4 60.b4 Bf3 61.b5 Kg7 62.Ke3 Bb7
63.Kd4 Bf3 64.Kc5 h5 65.Be8 h4 66.Bc6 Be2 67.b6 Ba6 68.Bf4  1-0

[Event "Tch-CRO U20"]
[Site "Sv. Filip i Jakov CRO"]
[Date "2005.03.29"]
[Round "1"]
[White "Saric,Iv"]
[Black "Bazant,J"]
[Result "1-0"]
[WhiteElo "2273"]
[BlackElo "2172"]

1.e4 e6 2.d4 d5 3.Nc3 Nf6 4.e5 Nfd7 5.f4 c5 6.Nf3 Nc6 7.Be3 Qb6 8.Na4 Qa5+
9.c3 cxd4 10.b4 Qc7 11.Nxd4 g5 12.Bb5 gxf4 13.Bxf4 Nxd4 14.Qxd4 a6 15.Bxd7+ Bxd7
16.Nb6 Rd8 17.Bg5 Bg7 18.Bxd8 Kxd8 19.Nxd7 Kxd7 20.O-O Ke7 21.Rae1 Rc8 22.Rf3 Qc4
23.Qb6 Qc7 24.Qf2 Kf8 25.Qe3 Qd8 26.Ref1 Rc7 27.Kh1 Rd7 28.h3 Qc7 29.Re1 b5
30.Rg3 Qd8 31.Qf4 Kg8 32.Ree3 Qf8 33.Rxg7+  1-0

[Event "ch-EU"]
[Site "Cork IRL"]
[Date "2005.03.30"]
[Round "9"]
[White "Solleveld,Maa"]
[Black "Molander,R"]
[Result "1-0"]
[WhiteElo "2468"]
[BlackElo "2353"]

1.e4 e6 2.d4 d5 3.Nc3 Nf6 4.e5 Nfd7 5.f4 c5 6.Nf3 Nc6 7.Ne2 Qb6 8.c3 f6 9.g3 cxd4
10.cxd4 Bb4+ 11.Nc3 O-O 12.a3 Be7 13.Bh3 fxe5 14.Bxe6+ Kh8 15.Nxd5 Qd8 16.Bxd7 Qxd7
17.Nxe7 Qxe7 18.dxe5 Bg4 19.O-O Rad8 20.Qb3 Bf5 21.Qe3 Rd3 22.Qf2 Be4 23.Be3  1-0

[Event "1st ch-SCG"]
[Site "Kopaonik SCG"]
[Date "2005.04.05"]
[Round "4"]
[White "Pavlovic,Mi1"]
[Black "Kovacevic,A"]
[Result "1-0"]
[WhiteElo "2475"]
[BlackElo "2550"]

1.e4 e6 2.d4 d5 3.Nc3 Nf6 4.e5 Nfd7 5.f4 c5 6.Nf3 Nc6 7.Be3 cxd4 8.Nxd4 Bc5
9.Qd2 O-O 10.O-O-O a6 11.Kb1 Nxd4 12.Bxd4 b5 13.Qe3 Qb6 14.Bxc5 Nxc5 15.Ne2 b4
16.Ng3 Rb8 17.Nh5 Ne4 18.Rd4 Kh8 19.Bd3 Bb7 20.Rxe4  1-0

[Event "Belgrade Cup"]
[Site "Belgrade SCG"]
[Date "2005.04.06"]
[Round "2"]
[White "Starcevic,G"]
[Black "Biocanin,Gora"]
[Result "1-0"]
[WhiteElo "2174"]
[BlackElo "2273"]

1.e4 e6 2.d4 d5 3.Nc3 Nf6 4.e5 Ne4 5.Bd3 Nxc3 6.bxc3 c5 7.Nf3 Nc6 8.dxc5 Qc7
9.O-O Bxc5 10.Rb1 Bd7 11.Qe2 Ne7 12.Be3 b6 13.Bd4 Ng6 14.Qe3 Be7 15.g3 O-O
16.Ng5 Rae8 17.h4 h6 18.Nh3 Nh8 19.Nf4 f5 20.Qf3 g5 21.hxg5 hxg5 22.Nxd5 exd5
23.Qxd5+ Kh7 24.Qh1+ Kg7 25.g4 Bc5 26.Qh5 Bxd4 27.Qxg5+ Ng6 28.cxd4 Qd8 29.Qe3 fxg4
30.f4 gxf3 31.Rxf3 Rxf3 32.Qxf3 Qg5+ 33.Qg2 Bg4 34.Bxg6 Kxg6 35.Rf1 Qe3+
36.Qf2 Qxf2+ 37.Rxf2 Re6 38.Kg2 b5 39.Kg3 Bf5 40.Kf4 Bh3 41.d5 Re8 42.Ke4 Rc8
43.e6 Rc4+ 44.Ke5 Rc3 45.e7 Re3+ 46.Kd6 Bg4 47.Rf8 Bf5 48.c3  1-0

[Event "FSIM April"]
[Site "Budapest HUN"]
[Date "2005.04.13"]
[Round "12"]
[White "Farago,S"]
[Black "Khadempour,F"]
[Result "1/2-1/2"]
[WhiteElo "2262"]
[BlackElo "2225"]

1.e4 e6 2.d4 d5 3.Nc3 Nf6 4.e5 Nfd7 5.Nf3 c5 6.Ne2 Nc6 7.c3 Qb6 8.a3 Be7
9.g3 O-O 10.Bg2 f6 11.exf6 Nxf6 12.O-O cxd4 13.cxd4 a5 14.Rb1 Ne4 15.Bf4 Bd7
16.h4 h6 17.Ne5 Nxe5 18.Bxe5 Bf6 19.Bxf6 Rxf6  1/2-1/2

[Event "CES"]
[Site "Northeim GER"]
[Date "2005.04.17"]
[Round "7"]
[White "Leiber,B"]
[Black "Alienkin,A"]
[Result "0-1"]
[WhiteElo "2224"]
[BlackElo "2393"]

1.e4 e6 2.d4 d5 3.Nc3 Nf6 4.e5 Nfd7 5.f4 c5 6.Nf3 Nc6 7.Be3 cxd4 8.Nxd4 Bc5
9.Qd2 O-O 10.O-O-O Bxd4 11.Bxd4 a6 12.Be2 b5 13.Bf3 b4 14.Na4 Nxd4 15.Qxd4 a5
16.Kb1 Qc7 17.Rhe1 Ba6 18.Be2 Rfc8 19.Rd2 Qc6 20.b3 Bxe2 21.Rexe2 Qb5 22.c4 bxc3
23.Nxc3 Qb7 24.Rb2 Nc5 25.Rec2 Qa6 26.Ne2 Ne4 27.a3 h6 28.Ka2 Rc6 29.Ng3 Nxg3
30.hxg3 Rac8 31.Qd1 Rc3 32.g4 a4 33.Rxc3 Rxc3 34.Qd4 axb3+ 35.Rxb3 Rc4 36.Qd3 Qc8
37.g3 g6 38.Kb2 Qc5 39.Rc3 Qf2+ 40.Kb3 Qb6+ 41.Ka2 Qf2+ 42.Kb3 Re4 43.a4 Qe1  0-1

[Event "TCh-HUN w"]
[Site "Budapest HUN"]
[Date "2005.04.23"]
[Round "5"]
[White "Domany,Z"]
[Black "Albert,K"]
[Result "0-1"]
[WhiteElo "2056"]
[BlackElo "2171"]

1.e4 e6 2.d4 d5 3.Nc3 Nf6 4.e5 Nfd7 5.f4 c5 6.Nf3 Nc6 7.dxc5 Bxc5 8.Bd3 f6
9.Nh4 O-O 10.Qh5 f5 11.Bd2 a6 12.g4 Be7 13.Nf3 Nc5 14.gxf5 Nxd3+ 15.cxd3 Rxf5
16.Qh3 b5 17.d4 Nb4 18.O-O Nd3 19.Ng5 Bxg5 20.Qxd3 Be7 21.Ne2 g6 22.Ng3 Rf8
23.b4 Bd7 24.Rfc1 Qb6 25.Ne2 Rac8 26.a3 Rc4 27.Kh1 Rfc8 28.Rg1 Kg7 29.Rg2 Be8
30.h4 Bxh4 31.Qh3 Be7 32.Rh2 h5 33.Rg1 Kf8 34.Rhg2 Bf7 35.Rxg6 Bxg6 36.Rxg6 Ke8
37.f5 Rxd4 38.fxe6 Kd8 39.Nxd4 Qxd4 40.Rg8+ Kc7 41.Rxc8+ Kxc8 42.Qxh5 Qh4+
43.Qxh4 Bxh4 44.Kg2 Kd8 45.Kh3 Bf2 46.Kg4 Bd4 47.Kf5 Bb2 48.Kf6 Ke8 49.e7 Bxa3
50.Ke6 d4 51.Kd5 Bb2 52.Kc5 Bc3 53.Bg5 d3 54.Kb6 Bxb4 55.Kxa6 Bxe7 56.Bc1 b4
57.Kb5 b3  0-1

[Event "Open"]
[Site "Lenk SUI"]
[Date "2005.04.27"]
[Round "5"]
[White "Sokolov,And1"]
[Black "Berend,F"]
[Result "1-0"]
[WhiteElo "2598"]
[BlackElo "2365"]

1.e4 e6 2.d4 d5 3.Nc3 Nf6 4.e5 Nfd7 5.f4 c5 6.Nf3 Nc6 7.Be3 cxd4 8.Nxd4 Bc5
9.Qd2 Nxd4 10.Bxd4 Bxd4 11.Qxd4 Qb6 12.Nb5 Qxd4 13.Nxd4 Ke7 14.O-O-O a6 15.Be2 h5
16.Rd3 g5 17.fxg5 Nxe5 18.Re3 Kd6 19.Rf1 Bd7 20.Rf6 Ng4 21.Bxg4 hxg4 22.Nf5+ Kc5
23.Nh6 d4 24.Re5+ Kb6 25.Rxf7 Rhd8 26.g6 Rac8 27.g7 Ba4 28.b3 d3 29.Rf2  1-0

[Event "ch-UKR u20"]
[Site "Lviv UKR"]
[Date "2005.04.27"]
[Round "9"]
[White "Vovk,Y"]
[Black "Jakymov,V"]
[Result "0-1"]
[WhiteElo "2434"]
[BlackElo "2339"]

1.e4 e6 2.d4 d5 3.Nc3 Nf6 4.e5 Nfd7 5.f4 c5 6.Nf3 Nc6 7.Be3 cxd4 8.Nxd4 Bc5
9.Qd2 a6 10.O-O-O Nxd4 11.Bxd4 b5 12.Ne4 Be7 13.Ng3 g6 14.Kb1 Qc7 15.Bd3 Bb7
16.f5 Nxe5 17.Rhe1 f6 18.fxe6 O-O-O 19.Qf2 Ng4 20.Qg1 Rde8 21.h3 Ne5 22.Ne2 Kb8
23.Bf2 Rc8 24.Nd4 Rhe8 25.g4 Bc5 26.Qg3 Ka8 27.Re2 b4 28.h4 Qb6 29.Qf4 Bxd4
30.Qxd4 Qxd4 31.Bxd4 Nxg4 32.h5 f5 33.hxg6 hxg6 34.e7 Rc6 35.c3 bxc3 36.Bxc3 Nf6
37.Bc2 Ne4 38.Bb4 Re6 39.Bd3 g5 40.Rh2 f4 41.Rh7 a5 42.Ba3 Bc6 43.Rf7 Rb8
44.Rg1 f3 45.Bxe4 dxe4 46.Rxg5 Be8 47.Rxa5+ Kb7 48.Rb5+ Kc6 49.Rxb8 Bxf7
50.Rf8 Bh5 51.Kc2 e3 52.Bb4 f2 53.Kd3 Rxe7 54.Bc3 Rf7 55.Rxf7 Bxf7  0-1

[Event "ch-UKR u20"]
[Site "Lviv UKR"]
[Date "2005.04.28"]
[Round "10"]
[White "Oleksienko,M"]
[Black "Derjabin,I"]
[Result "1-0"]
[WhiteElo "2492"]
[BlackElo "2391"]

1.e4 e6 2.d4 d5 3.Nc3 Nf6 4.e5 Nfd7 5.f4 a6 6.Nf3 c5 7.Be3 Nc6 8.a3 b5 9.dxc5 Bxc5
10.Bxc5 Nxc5 11.b4 Nd7 12.Ne2 Qc7 13.Ned4 Nxd4 14.Nxd4 Qc3+ 15.Kf2 Nb6 16.Rb1 Na4
17.Rb3 Qc7 18.Qd2 Bd7 19.h4 O-O 20.Re3 f6 21.Kg1 Rac8 22.Rhh3 fxe5 23.Rxe5 Rf6
24.Rf3 Nc3 25.Bd3 Qb6 26.Kh1 Nb1 27.Qe3 Nxa3 28.f5 exf5 29.Re7 Qd6 30.Rxd7 Qxd7
31.Bxf5 Rxf5 32.Nxf5 Re8 33.Qxa3 Re1+ 34.Kh2 Qc7+ 35.Rg3 Qf4 36.Qc3  1-0

[Event "Heroes Day Candidates"]
[Site "Bridgetown BAR"]
[Date "2005.05.01"]
[Round "7"]
[White "Singh,Rav"]
[Black "Suez Panama,G"]
[Result "0-1"]
[WhiteElo "2074"]
[BlackElo "2057"]

1.e4 e6 2.d4 d5 3.Nc3 Nf6 4.e5 Nfd7 5.f4 c5 6.Nf3 Nc6 7.Ne2 Be7 8.c3 O-O
9.Be3 f6 10.exf6 Nxf6 11.dxc5 Ne4 12.Qd3 Bxc5 13.Ng3 Bxe3 14.Qxe3 Nf6 15.h3 d4
16.Nxd4 Nd5 17.Nxc6 Nxe3 18.Nxd8 Nc2+ 19.Kd2 Nxa1 20.Bc4 Rxd8+ 21.Kc1 Kf8
22.Ne4 h6 23.Kb1 b5 24.Bxb5 Bb7 25.Nc5 Bxg2 26.Nxe6+ Ke7 27.Re1 Be4+ 28.Kxa1 Kxe6
29.Bc6 Rd1+ 30.Rxd1 Bxc6 31.Rg1 Kf6 32.b3 Rd8 33.Kb2 Rd2+ 34.Ka3 Bd7 35.h4 Bf5
36.Kb4 Rxa2 37.Rd1 Ra6 38.c4 Bc2 39.Rd7 Rb6+ 40.Kc3 Bxb3 41.c5 Rb8 42.Rxa7 Be6
43.c6 Rb6 44.c7 Rc6+ 45.Kb4 Rc4+ 46.Kb5 Rxf4 47.Ra8 Rc4 48.Kb6 Bd7 49.Rf8+ Ke7
50.Rg8 Kf7 51.Rd8 Be6 52.h5 Ke7 53.Kb7 Rc5 54.Kb6 Rxh5 55.c8=Q Bxc8 56.Rxc8 Rd5
57.Kc6 Rd1 58.Rh8 Kf7 59.Kc5 Kg6 60.Kc4 h5 61.Kc3 Kg5 62.Kc2 Rd7 63.Ra8 h4
64.Ra5+ Kg4 65.Ra4+ Kh5 66.Rb4 g5 67.Rb8 h3 68.Rh8+ Kg4 69.Re8 h2 70.Re4+ Kf3
71.Re1 g4  0-1

[Event "23rd Liechtenstein Open"]
[Site "Triesen LIE"]
[Date "2005.05.01"]
[Round "3"]
[White "Spanton,T"]
[Black "Johnsen,G"]
[Result "1/2-1/2"]
[WhiteElo "2026"]
[BlackElo "2233"]

1.e4 e6 2.d4 d5 3.Nc3 Nf6 4.e5 Nfd7 5.Nf3 c5 6.dxc5 Nc6 7.Bf4 Nxc5 8.Bd3 Be7
9.O-O O-O 10.Qd2 a6 11.Rfe1 b5 12.Ng5 Nxd3 13.cxd3 b4 14.Ne2 Nxe5 15.Bxe5 Bxg5
16.Qxb4 f6 17.Bd6 Bd2 18.Qxd2 Qxd6 19.d4 Bd7 20.f4 Rfc8 21.Rac1 Qb6 22.Kh1 a5
23.Rxc8+ Rxc8 24.Rc1 Rb8 25.Rc2 Qb4 26.Qxb4 Rxb4 27.Rd2 Rc4 28.Kg1 Kf7 29.Kf2 Ke7
30.Nc3 Kd6 31.Ke3 Be8  1/2-1/2

[Event "ch-FRA National 1"]
[Site "Lille FRA"]
[Date "2005.05.05"]
[Round "8"]
[White "Miladinovic,I"]
[Black "Sulypa,A"]
[Result "1-0"]
[WhiteElo "2604"]
[BlackElo "2480"]

1.d4 e6 2.e4 d5 3.Nc3 Nf6 4.e5 Nfd7 5.f4 c5 6.Nf3 Nc6 7.Be3 Qb6 8.a3 cxd4
9.Nxd4 Bc5 10.Ncb5 Nxd4 11.Bxd4 Bxd4 12.Qxd4 Qxd4 13.Nxd4 Ke7 14.h4 f6 15.exf6+ gxf6
16.O-O-O Nc5 17.g4 Bd7 18.Bg2 Rhg8 19.Rhe1 Rxg4 20.Bxd5 Kf8 21.Bxe6 Nxe6
22.Nxe6+ Bxe6 23.Rxe6 Rxh4 24.Rxf6+ Kg7 25.Rf5 Rc8 26.Rg1+ Kh8 27.Rf7 b5
28.Rxa7 Rf8 29.Rb7 h5 30.Rxb5 Rfxf4 31.b4 Rh2 32.Rc5  1-0

[Event "Open A"]
[Site "Djakovo CRO"]
[Date "2005.05.07"]
[Round "9"]
[White "Armanda,I"]
[Black "Kovacevic,A"]
[Result "0-1"]
[WhiteElo "2340"]
[BlackElo "2550"]

1.e4 e6 2.d4 d5 3.Nc3 Nf6 4.e5 Nfd7 5.f4 c5 6.Nf3 Nc6 7.Bd3 cxd4 8.Ne2 Bb4+
9.Bd2 Bc5 10.O-O f6 11.Ng3 O-O 12.Qe2 f5 13.a3 a5 14.Kh1 Qe7 15.Rg1 Bb6 16.Nh5 g6
17.g4 Kh8 18.g5 gxh5 19.g6 Rg8 20.gxh7 Rg4 21.h3 Rxg1+ 22.Rxg1 Nf8 23.Nh4 Bd7
24.Rg8+ Kxh7 25.Qg2 Qf7 26.Rg5 Bd8 27.Nf3 Kh8 28.Be1 Bxg5 29.Nxg5 Qg6 30.Bh4 Nh7
31.Be2 Rg8  0-1

[Event "Open A"]
[Site "Djakovo CRO"]
[Date "2005.05.07"]
[Round "9"]
[White "Zelcic,R"]
[Black "Berescu,A"]
[Result "1-0"]
[WhiteElo "2514"]
[BlackElo "2439"]

1.e4 e6 2.d4 d5 3.Nc3 Nf6 4.e5 Nfd7 5.f4 c5 6.Nf3 Nc6 7.Be3 a6 8.Qd2 b5 9.Nd1 b4
10.Be2 Qb6 11.O-O a5 12.Kh1 Ba6 13.Bxa6 Rxa6 14.c4 bxc3 15.Nxc3 g6 16.Qe2 c4
17.g4 a4 18.f5 Be7 19.Rab1 Qb7 20.Qf2 Nd8 21.Qc2 Qc6 22.Bg5 a3 23.bxa3 Rxa3
24.Bxe7 Kxe7 25.Qb2 Ra8 26.Qb4+  1-0

[Event "ch-FRA National 1"]
[Site "Lille FRA"]
[Date "2005.05.08"]
[Round "11"]
[White "Sulypa,A"]
[Black "Benitah,Y"]
[Result "1/2-1/2"]
[WhiteElo "2480"]
[BlackElo "2398"]

1.e4 e6 2.d4 d5 3.Nc3 Nf6 4.e5 Nfd7 5.f4 c5 6.Nf3 Qb6 7.Be3 Nc6 8.a3 a6 9.h4 cxd4
10.Nxd4 Bc5 11.Na4 Qa5+ 12.c3 Bxd4 13.Bxd4 Nxd4 14.Qxd4 Qc7 15.b4 O-O 16.Be2 Rb8
17.O-O b6 18.Nb2 f6 19.Bg4 f5 20.Be2 Bb7 21.c4 Rfc8 22.cxd5 Bxd5 23.Bxa6 Qc3
24.Qf2 Rc7 25.Bb5 Qb3 26.Rfc1 Rxc1+ 27.Rxc1 Nc5 28.bxc5 Qxb5 29.cxb6 h6 30.a4 Qxb6
31.Rc8+ Kh7 32.Rxb8 Qxb8 33.Qd2 Qb3 34.Kh2 Qb8 35.Nd3 Qa7 36.Nb2 Qb8 37.Nd1 Bb3
38.a5 Bxd1 39.Qxd1 Qb4 40.a6 Qxf4+ 41.g3 Qe3 42.Kg2 Qe4+ 43.Qf3 Qc2+ 44.Kh3 Qa4
45.Qd3 Qa1 46.Kg2 Qxe5 47.Qa3 Qe2+  1/2-1/2

[Event "ch-LTU"]
[Site "Siauliai LTU"]
[Date "2005.05.08"]
[Round "2"]
[White "Chocenka,D"]
[Black "Sarakauskas,G"]
[Result "0-1"]
[WhiteElo "2245"]
[BlackElo "2431"]

1.e4 e6 2.d4 d5 3.Nc3 Nf6 4.e5 Nfd7 5.f4 c5 6.Nf3 Nc6 7.Ne2 Qb6 8.c3 Be7
9.h4 cxd4 10.Nexd4 Nc5 11.Be3 Qxb2 12.Nb5 O-O 13.Nd2 a6 14.Rb1 Qxa2 15.Ra1 axb5
16.Rxa2 Rxa2 17.Qb1 Ra3 18.Bxc5 Bxc5 19.Nb3 Be3 20.Bd3 Bxf4 21.O-O Be3+ 22.Kh1 h6
23.Bh7+ Kh8 24.Bc2 Nxe5 25.Qe1 Nc4 26.Rf3 Bb6 27.Qc1 e5 28.Nd2 Ra6 29.Nxc4 bxc4
30.Qf1 Kg8 31.Rg3 Bd8 32.Re3 Bf6 33.Re1 e4 34.Rd1 Be6 35.Qf4 Bxc3 36.g4 b5
37.Qg3 b4 38.g5 hxg5 39.hxg5 g6 40.Qh4 Be5  0-1

[Event "48th TCh-SCG"]
[Site "Herceg Novi SCG"]
[Date "2005.05.15"]
[Round "1"]
[White "Radulski,J"]
[Black "Simic,Dragi"]
[Result "1-0"]
[WhiteElo "2502"]
[BlackElo "2313"]

1.e4 e6 2.d4 d5 3.Nc3 Nf6 4.e5 Nfd7 5.f4 c5 6.Nf3 Nc6 7.Be3 cxd4 8.Nxd4 Nxd4
9.Bxd4 Bc5 10.Qd2 Bxd4 11.Qxd4 Qb6 12.Nb5 Qxd4 13.Nxd4 a6 14.c4 dxc4 15.Bxc4 b5
16.Be2 Bb7 17.Rc1 Ke7 18.Kf2 Rac8 19.Bf3 Bxf3 20.Kxf3 Nb8 21.Ke4 g6 22.g4 Kd7
23.f5 exf5+ 24.gxf5 Rxc1 25.Rxc1 Rc8  1-0

[Event "FSGM May"]
[Site "Budapest HUN"]
[Date "2005.05.16"]
[Round "10"]
[White "Varadi,V"]
[Black "Kun,G"]
[Result "1-0"]
[WhiteElo "2430"]
[BlackElo "2336"]

1.e4 e6 2.d4 d5 3.Nc3 Nf6 4.e5 Nfd7 5.f4 c5 6.Nf3 a6 7.Be3 Qb6 8.Na4 Qc7
9.Nxc5 Nxc5 10.dxc5 Bxc5 11.Qd2 Nd7 12.O-O-O Qb6 13.Bd4 O-O 14.h4 f6 15.Qe3 Bxd4
16.Rxd4 Nb8 17.exf6 Rxf6 18.g3 Nc6 19.Rd3 Qc7 20.Kb1 Bd7 21.Bh3 h6 22.Re1 Rc8
23.Qd2 Nb4 24.Rb3 a5 25.Nd4 Re8 26.Rbe3 Qc4 27.b3 Qc8 28.a3 Nc6 29.Nxc6 Qxc6
30.Qxa5 Rc8 31.Qd2 Ra8 32.Kb2 Qd6 33.Qb4 Qxb4 34.axb4 Ra6 35.b5 Rd6 36.c4 d4
37.Rd3 g5 38.hxg5 hxg5 39.fxg5 Rf2+ 40.Ka3 Rh2 41.Bg4  1-0

[Event "Chigorin CC"]
[Site "St Petersburg RUS"]
[Date "2005.05.17"]
[Round "2"]
[White "Silivanov,S"]
[Black "Rodkin,F"]
[Result "1-0"]
[WhiteElo "2368"]
[BlackElo "2198"]

1.e4 e6 2.d4 d5 3.Nc3 Nf6 4.e5 Nfd7 5.f4 c5 6.Nf3 Nc6 7.Be3 cxd4 8.Nxd4 Qb6
9.Qd2 Qxb2 10.Rb1 Qa3 11.Ncb5 Qxa2 12.Rd1 Bb4 13.Nc7+ Kf8 14.c3 Qa5 15.Ndb5 Bxc3
16.Qxc3 Qxc3+ 17.Nxc3 Rb8 18.N3b5 a6 19.Nd6 Ke7 20.Rc1 f6 21.Nxa6 Ra8 22.Nc5 fxe5
23.Nxd7 Kxd7 24.Nf7 exf4 25.Nxh8 fxe3 26.Bb5 Ke7 27.O-O Nd4 28.Rf7+ Kd6 29.Rfc7 e5
30.Nf7+ Ke6 31.Nd8+ Kd6 32.Rxc8 Rxc8 33.Nxb7+ Ke6 34.Rxc8 Nxb5 35.Rc6+  1-0

[Event "Victory Cup"]
[Site "Alushta UKR"]
[Date "2005.05.20"]
[Round "9"]
[White "Sharma,D"]
[Black "Shtyrenkov,V"]
[Result "1/2-1/2"]
[WhiteElo "2381"]
[BlackElo "2447"]

1.e4 e6 2.d4 d5 3.Nc3 Nf6 4.e5 Nfd7 5.f4 c5 6.Nf3 Nc6 7.Be3 Qb6 8.Na4 Qa5+
9.c3 b6 10.a3 c4 11.Nd2 Ba6 12.b4 cxb3 13.Qxb3 Ne7 14.Qb4 Qxb4 15.axb4 Bxf1
16.Rxf1 Nf5 17.Bf2 h5 18.Ke2 Be7 19.Nf3 O-O-O 20.Nb2 Kb7 21.Nd3 a6 22.g3 Nb8
23.Rfb1 Rc8 24.Be1  1/2-1/2